|
|
|
|
| LEADER |
00000nam a2200000 a 4500 |
| 001 |
vtls001424531 |
| 003 |
SK-MaSNL |
| 005 |
20260302072506.0 |
| 008 |
240318s2000 gw a r ger |
| 020 |
|
|
|a 3809408581
|c b.c.
|
| 035 |
|
|
|a SNK000379412
|
| 035 |
|
|
|a urn:nbn:sk:snk-amknoe
|
| 035 |
|
|
|a urn:nbn:sk:snk-am003u2o
|
| 035 |
|
|
|a 2AE2E03C-ACCA-4867-A35B-0B5575A16187
|
| 040 |
|
|
|a SNK
|b slo
|c SNK
|e AACR2
|
| 041 |
0 |
|
|a ger
|
| 044 |
|
|
|a DE
|
| 080 |
|
|
|a 635(084.12)
|2 1981
|
| 100 |
1 |
|
|a Krüger, Ursula
|4 aut
|9 45058
|
| 245 |
1 |
0 |
|a Gartenbuch für Kinder
|c von Ursula Krüger ; mit Illustrationen von Elke Otto
|
| 260 |
|
|
|a [Niedernhausen/Ts.]
|b Bassermann
|c 2000
|e [Marin
|f Neografia]
|
| 300 |
|
|
|a 95 s.
|c 25 cm
|
| 650 |
0 |
7 |
|a záhradkárstvo
|2 SNKPH
|9 2728
|
| 655 |
|
7 |
|a publikácie pre deti
|2 SNKPH
|9 70148
|
| 700 |
1 |
|
|a Otto, Elke
|4 ill
|9 453609
|
| 919 |
|
|
|a 3-8094-0858-1
|
| 958 |
|
|
|a OND
|
| 999 |
|
|
|c 1156713
|d 1158643
|
| 952 |
|
|
|t P60, <03>, [BOOK], {603}
|a SNK
|b SNK
|y PREZ
|7 0
|p 17A0322625
|o snkSC 106578
|i snkKSP 13062/2001
|0 0
|1 0
|4 0
|d 2001-11-20
|f 1
|l 0
|r 2025-09-26 00:00:00
|w 2026-02-24
|